000
00292nam a2200121 a 4500
008
100923s2009|||| d
100
1
_a
Urbaníková, Evita
245
1
0
_a
Minulosť ťa dostane
260
_b
Evita Press
_a
Bratislava
_c
2009
020
_c
6,99
041
_a
slo
044
_a
xo
_c
SK
999
_c
10666
_d
10666